000 00984nam a22002417a 4500
005 20241005095841.0
008 220608b ||||| |||| 00| 0 eng d
040 _cAloy
041 _aTulu
082 _223
_aT894.3
_bKARA
100 _aKarnataka Tulu Sahitya Akademi
_9181494
100 _943751
_dಕರ್ನಾಟಕ ತುಳು ಸಾಹಿತ್ಯ ಅಕಾಡೆಮಿ
245 _aAkkerasu sire
_bಅಕ್ಕೆರಸು ಸಿರಿ
260 _aMangaluru:
_bKarnataka Tulu Sahitya Akademi,
_c1998
300 _a27p.
_bPB
_c24x18cm.
365 _2Tulu
440 _aTULU SHORT STORIES FOR CHILDREN ಜೋಕ್ಲೆಗಾದ್ ತುಳುಕತೆಕುಲು;2
_941197
650 _aTulu Fiction
_941182
650 _aTulu Literature
_941183
700 _aKARNATAKA TULU SAHITYA AKADEMI: ಕರ್ನಾಟಕ ತುಳು ಸಾಹಿತ್ಯ ಅಕಾಡೆಮಿ
_941184
700 _aNAVADA (A V): ನಾವಡ (ಎ ವಿ)
_941186
942 _2ddc
_cGF
999 _c223356
_d223356